| 000 | 00779nam a22002177a 4500 | ||
|---|---|---|---|
| 999 |
_c13873 _d13873 |
||
| 003 | AR-CdUCM | ||
| 008 | 190416b ||||| |||| 00| 0 spa d | ||
| 040 |
_aMUNICIPALIDAD PROVINCIAL DEL CUSCO _cBIBLIOTECA MUNICIPAL DEL CUSCO |
||
| 082 |
_aC / 344.086 / _bV78 |
||
| 100 |
_aVizcarra, Julio A. _916673 |
||
| 245 | _aLa ley penal y el indio / | ||
| 260 |
_aCuzco : _bAmericana, |
||
| 300 |
_a71 páginas ; _c22 cm. |
||
| 505 | _aEl robo -- El robo sus antecedentes -- Formas de la comisión de delito de lesiones y homicidio -- La libertad provisional -- El delito de estafa -- Honor sexual... | ||
| 650 |
_aConstitución. _92117 |
||
| 650 |
_aLey penal. _932473 |
||
| 650 |
_aIndio. _929864 |
||
| 650 |
_aDerechos. _96548 |
||
| 942 |
_2ddc _cLIBROS |
||
| 945 |
_awfj _d2019-04-16 |
||